Az orosz-ukrán konfliktus és az EU

Bibliográfiai részletek
Szerző: Ferencz Kristóf
További közreműködők: Lebovics Viktória
Sáringer Dr. habil János
Dokumentumtípus: Diplomadolgozat
Kulcsszavak:Európai Unió
háború
Oroszország
szankciók
Ukrajna
Online Access:http://dolgozattar.uni-bge.hu/58948

MARC

LEADER 00000nta a2200000 i 4500
001 dolg58948
005 20251027142659.0
008 251027suuuu hu om 000 hun d
040 |a BGE Dolgozattár Repozitórium  |b hun 
041 |a hu 
100 1 |a Ferencz Kristóf 
245 1 3 |a Az orosz-ukrán konfliktus és az EU  |c Ferencz Kristóf  |h [elektronikus dokumentum] 
520 3 |a A dolgozat az orosz–ukrán háború kitörését követő Európai Uniós szankciós politikát és annak hatásait vizsgálja Oroszországra, Ukrajnára, valamint az EU tagállamaira. A konfliktus történelmi előzményeinek bemutatása után elemzem a szankciók felépítését, céljait, és azok gazdasági, politikai következményeit. A kutatásom megerősítette, hogy az EU szankciói jelentős mértékben gyengítették Oroszország gazdasági és katonai képességeit, ugyanakkor nem vezettek rövid távon a konfliktus lezárásához. A szankciók Ukrajna számára közvetett támogatást jelentettek, gazdasági stabilitását és katonai ellenállóképességét erősítve. Az EU tagállamai súlyos gazdasági kihívásokkal néztek szembe, különösen az energiafüggőség csökkentése terén, de hosszú távon megerősödött az energiapolitikai önállóságuk és belső egységük. A vizsgálat rávilágít arra, hogy a szankciók stratégiai hatása évek alatt bontakozik ki, és alapvetően formálja át Európa geopolitikai helyzetét. 
695 |a Európai Unió 
695 |a háború 
695 |a Oroszország 
695 |a szankciók 
695 |a Ukrajna 
700 1 |a Lebovics Viktória  |e ths 
700 1 |a Sáringer Dr. habil János  |e ths 
856 4 0 |u http://dolgozattar.uni-bge.hu/58948/1/Ferencz%20Krist%C3%B3f%20Szakdolgozat%202025.pdf  |z Dokumentum-elérés 
856 4 0 |u http://dolgozattar.uni-bge.hu/58948/2/Ferenc%20Krist%C3%B3f%20szakdolgozat%C3%A1nak%20b%C3%ADr%C3%A1lata_Lebovics%20Vikt%C3%B3ria.pdf  |z Dokumentum-elérés 
856 4 0 |u http://dolgozattar.uni-bge.hu/58948/3/Ferencz%20Krist%C3%B3f_b%C3%ADr%C3%A1lati%20lap.pdf  |z Dokumentum-elérés